[Event "World Youth Open U14 2016"]
[Site "Khanty-Mansiysk RUS"]
[Date "2016.09.29"]
[Round "7.17"]
[White "Sargsyan, Shant"]
[Black "Salimov, Ruslan"]
[Result "1-0"]
[WhiteTitle "CM"]
[WhiteElo "2440"]
[BlackElo "2026"]
[WhiteFideId "13306766"]
[BlackFideId "13709801"]
[EventDate "2016.09.22"]

1. e4 d6 2. d4 Nf6 3. Nc3 c6 4. Nf3 Qa5 5. Bd3 e5 6. h3 Nbd7 7. Be3 Be7 8. O-O
O-O 9. Qd2 Qc7 10. a4 b6 11. Qe2 a6 12. Bg5 Bb7 13. dxe5 dxe5 14. Nh4 g6 15. Bc4
b5 16. Ba2 b4 17. Nd1 Nc5 18. Bh6 Rfe8 19. Ne3 Bf8 20. Bxf8 Rxf8 21. Qc4 Ncxe4
22. Qxb4 c5 23. Qe1 Rad8 24. Nf3 Nh5 25. Ng4 c4 26. Ngxe5 Nf4 27. Qe3 Nxg2 28.
Kxg2 Rfe8 29. Rad1 Rxd1 30. Rxd1 Rxe5 31. Nxe5 Nc3+ 32. f3 Nxd1 33. Qd4 Nxb2 34.
Qxb2 c3 35. Qb3 1-0

[Event "World Youth Open U14 2016"]
[Site "Khanty-Mansiysk RUS"]
[Date "2016.09.29"]
[Round "7.19"]
[White "Zhalmakhanov, Ramazan"]
[Black "Kizatbay, Abyl"]
[Result "1-0"]
[WhiteElo "2211"]
[BlackElo "1892"]
[WhiteFideId "13706357"]
[BlackFideId "1521853"]
[EventDate "2016.09.22"]

1. d4 Nf6 2. c4 g6 3. Nc3 d5 4. Nf3 Bg7 5. Qb3 dxc4 6. Qxc4 O-O 7. e4 a6 8. Bf4
b5 9. Qxc7 Qxc7 10. Bxc7 Bb7 11. Bd3 b4 12. Na4 Nbd7 13. d5 Rac8 14. Ba5 e6 15.
dxe6 fxe6 16. Bxb4 Rfd8 17. O-O Nxe4 18. Rac1 Ndc5 19. Nxc5 Nxc5 20. Bc4 Bd5 21.
Bxd5 Rxd5 22. Rc2 Bh6 23. Re1 Bf4 24. g3 Bh6 25. Kg2 Rc7 26. h4 Kf7 27. Ne5+ Ke8
28. Ng4 Bg7 29. Ne3 Nd3 30. Rxc7 Nxe1+ 31. Bxe1 1-0

[Event "World Youth Open U14 2016"]
[Site "Khanty-Mansiysk RUS"]
[Date "2016.09.29"]
[Round "7.20"]
[White "Piyumantha, M Sasith Nipun"]
[Black "Haring, Filip"]
[Result "1/2-1/2"]
[WhiteTitle "FM"]
[WhiteElo "2017"]
[BlackElo "2099"]
[WhiteFideId "9916148"]
[BlackFideId "14933080"]
[EventDate "2016.09.22"]

1. d4 Nf6 2. c4 e6 3. g3 Bb4+ 4. Bd2 c5 5. Bxb4 cxb4 6. Bg2 O-O 7. e4 d6 8. Ne2
e5 9. O-O Nc6 10. a3 Qb6 11. d5 Nb8 12. Qd2 Na6 13. axb4 Nxb4 14. Nbc3 a5 15.
Na4 Qc7 16. Nec3 Nd7 17. b3 b6 18. Nb5 Qb8 19. Bh3 Nc5 20. Bxc8 Nxb3 21. Qc3
Nxa1 22. Bd7 Nac2 23. Rc1 Nd4 24. Nxd4 exd4 25. Qxd4 Qc7 26. Bb5 Rab8 27. f4 f6
28. Qe3 Qf7 29. g4 Qc7 30. Qg3 Rbc8 31. Qe3 1/2-1/2

[Event "World Youth Open U14 2016"]
[Site "Khanty-Mansiysk RUS"]
[Date "2016.09.29"]
[Round "7.21"]
[White "Tarun, V Kanth"]
[Black "Oboladze, Luka"]
[Result "1-0"]
[WhiteElo "1954"]
[BlackElo "2083"]
[WhiteFideId "25012185"]
[BlackFideId "13608207"]
[EventDate "2016.09.22"]

1. b3 e5 2. Bb2 Nc6 3. e3 g6 4. Bb5 Bg7 5. Nf3 Nge7 6. O-O O-O 7. d4 e4 8. Nfd2
f5 9. Be2 d5 10. c4 f4 11. cxd5 Nxd5 12. Nc3 Nxc3 13. Bxc3 Bf5 14. Kh1 Qg5 15.
Nc4 Rad8 16. Rc1 b5 17. Nb2 fxe3 18. fxe3 Qxe3 19. Bxb5 Ne7 20. Nc4 Qg5 21. Bd2
Qg4 22. Qxg4 Bxg4 23. Rxf8+ Bxf8 24. Ne3 Bd7 25. Bc4+ Kh8 26. Ba5 Nf5 27. Bxc7
Re8 28. Nxf5 gxf5 29. Be5+ Bg7 30. Bxg7+ Kxg7 31. g3 Kf6 32. Kg2 Kg5 33. Be2 Rc8
34. Rxc8 Bxc8 35. h4+ Kf6 36. Kf2 Ke6 37. Ke3 Kd6 38. Bc4 Be6 39. h5 h6 40. Bxe6
Kxe6 41. g4 1-0

[Event "World Youth Open U14 2016"]
[Site "Khanty-Mansiysk RUS"]
[Date "2016.09.29"]
[Round "7.22"]
[White "Fomin, Maxim"]
[Black "Ganerdene, Sugar"]
[Result "1-0"]
[WhiteElo "1941"]
[BlackElo "2056"]
[WhiteFideId "14137771"]
[BlackFideId "4902980"]
[EventDate "2016.09.22"]

1. d4 Nf6 2. c4 g6 3. Nc3 Bg7 4. e4 d6 5. f3 O-O 6. Be3 c5 7. dxc5 Qa5 8. cxd6
exd6 9. Qa4 Qc7 10. Rd1 Qe7 11. Nge2 Nbd7 12. Qa3 Ne5 13. Nf4 Ne8 14. Ncd5 Qh4+
15. Bf2 Qg5 16. h4 Qd8 17. Nb6 Rb8 18. Qxa7 Nc6 19. Qa3 f5 20. Nxc8 Qxc8 21. c5
fxe4 22. Bc4+ Kh8 23. Ne6 Ne5 24. Nxf8 Nxc4 25. Qb3 Nxb2 26. h5 gxh5 27. Rxh5
Bxf8 28. Qxb2+ Bg7 29. Bd4 exf3 30. gxf3 Qe6+ 31. Kf2 Nf6 32. Bxf6 Bxf6 33. Qc2
Qf7 34. Rh3 Qd7 35. Rdh1 Bd4+ 36. Kf1 Qb5+ 37. Ke1 Re8+ 38. Kd1 Kg8 39. Qxh7+
Kf8 40. Qh6+ Kf7 41. Qf4+ Ke6 42. Qxd6+ Kf7 43. Rh7+ Bg7 44. Qf4+ Ke6 45. Re1+
Kd5 46. Qd6+ Kc4 47. Rh4+ 1-0

[Event "World Youth Open U14 2016"]
[Site "Khanty-Mansiysk RUS"]
[Date "2016.09.29"]
[Round "7.23"]
[White "Thilakarathne, G M H"]
[Black "Essa, Naseem Ahmed"]
[Result "1-0"]
[WhiteTitle "CM"]
[BlackTitle "FM"]
[WhiteElo "2028"]
[BlackElo "1771"]
[WhiteFideId "9912053"]
[BlackFideId "14316560"]
[EventDate "2016.09.22"]

1. e4 c5 2. Nf3 g6 3. d4 cxd4 4. Nxd4 Nf6 5. Nc3 Nc6 6. Be3 Bg7 7. Bc4 Qa5 8.
O-O O-O 9. Bb3 d6 10. h3 Bd7 11. Re1 Rfe8 12. Nf3 Rac8 13. Qe2 Nd8 14. Nd2 b5
15. a4 b4 16. Nb5 a6 17. Nd4 Nc6 18. Nc4 Qc7 19. Nf3 d5 20. Nb6 d4 21. Nxc8 dxe3
22. Qxe3 Qxc8 23. e5 Nh5 24. Rad1 Bxh3 25. gxh3 Qxh3 26. Bxf7+ Kh8 27. Bxe8 Qg4+
28. Kh1 Nf4 29. Rg1 Qh5+ 30. Nh2 Bxe5 31. Qf3 h6 32. Bxc6 1-0

[Event "World Youth Open U14 2016"]
[Site "Khanty-Mansiysk RUS"]
[Date "2016.09.29"]
[Round "7.24"]
[White "Nielsen, Andre"]
[Black "Emanuel, Yahav"]
[Result "1-0"]
[WhiteElo "2025"]
[BlackElo "2014"]
[WhiteFideId "1518240"]
[BlackFideId "2814790"]
[EventDate "2016.09.22"]

1. e4 e5 2. Nf3 Nc6 3. Bb5 a6 4. Ba4 Nf6 5. O-O Be7 6. Re1 b5 7. Bb3 d6 8. c3
O-O 9. h3 Nb8 10. d4 Nbd7 11. Bc2 Bb7 12. Nbd2 Re8 13. b3 Bf8 14. Bb2 g6 15. a4
c6 16. Nf1 exd4 17. cxd4 d5 18. e5 Nh5 19. Ne3 b4 20. Qd2 Ng7 21. Ng4 Ne6 22.
Nh6+ Kg7 23. h4 Be7 24. Ng4 Kg8 25. h5 a5 26. hxg6 hxg6 27. g3 Bg5 28. Nxg5 Qxg5
29. Qd1 c5 30. Kg2 cxd4 31. Bc1 Qd8 32. Nh6+ Kf8 33. Qf3 Qe7 34. Bxg6 d3 35. Nf5
Ng5 36. Rh1 Qxe5 37. Bxg5 d4 38. Qxb7 fxg6 39. Qxd7 gxf5 40. Rae1 1-0

[Event "World Youth Open U14 2016"]
[Site "Khanty-Mansiysk RUS"]
[Date "2016.09.29"]
[Round "7.25"]
[White "Ivic, Velimir"]
[Black "Vaino, Nikita"]
[Result "1-0"]
[WhiteTitle "FM"]
[WhiteElo "2264"]
[BlackElo "1781"]
[WhiteFideId "950122"]
[BlackFideId "4504674"]
[EventDate "2016.09.22"]

1. e4 c6 2. d4 d5 3. e5 Bf5 4. h4 h6 5. g4 Be4 6. f3 Bh7 7. e6 fxe6 8. Bd3 Bxd3
9. Qxd3 Qb6 10. Ne2 Nf6 11. Nf4 c5 12. dxc5 Qa6 13. Qg6+ Kd7 14. Nc3 Nc6 15. Nd3
Qc4 16. Bf4 d4 17. O-O-O Nd5 18. Nxd5 Qxd5 19. Kb1 e5 20. Bxe5 Nxe5 21. Qf5+ e6
22. Nxe5+ Kc8 23. Qf7 Bxc5 24. Ng6 Rd8 25. Qxg7 Rd7 26. Qxh6 Kc7 27. Qf4+ Kb6
28. Rhe1 Bd6 29. Qxd4+ 1-0

[Event "World Youth Open U14 2016"]
[Site "Khanty-Mansiysk RUS"]
[Date "2016.09.29"]
[Round "7.26"]
[White "Dolgikh, Evgeniy"]
[Black "Juksta, Karolis"]
[Result "0-1"]
[WhiteElo "1904"]
[BlackElo "2046"]
[WhiteFideId "34125873"]
[BlackFideId "12809039"]
[EventDate "2016.09.22"]

1. d4 e6 2. Bf4 d5 3. g3 c5 4. c3 Bd6 5. Nf3 Bxf4 6. gxf4 Ne7 7. e3 b6 8. Nbd2
Bb7 9. Rg1 O-O 10. Bd3 Nd7 11. Qc2 f5 12. O-O-O Nf6 13. Ne5 cxd4 14. exd4 Nh5
15. Rg5 Nxf4 16. Rdg1 Neg6 17. Nxg6 Nxg6 18. Nf3 Rf7 19. h4 Qf6 20. Qd2 Nf8 21.
Ne5 Re7 22. Qf4 Nd7 23. Nf3 Kh8 24. h5 Bc6 25. Kb1 Rf7 26. Nh4 Nf8 27. Be2 Be8
28. Nf3 Rd7 29. Bb5 Re7 30. Bxe8 Raxe8 31. Ne5 Rd8 32. f3 h6 33. Ng6+ Nxg6 34.
Rxg6 Qf8 35. Qe5 Kh7 36. Rxe6 Rxe6 37. Qxe6 b5 38. Qg6+ Kh8 39. Re1 f4 40. Re5
Kg8 41. Qf5 Qxf5+ 42. Rxf5 g5 43. hxg6 Kg7 44. Rxf4 Kxg6 45. Kc2 h5 46. Kd2 Kg5
47. Rf7 Rh8 48. f4+ Kg6 49. Rxa7 h4 50. Ke2 h3 51. Kf2 h2 52. Kg2 h1=Q+ 0-1

[Event "World Youth Open U14 2016"]
[Site "Khanty-Mansiysk RUS"]
[Date "2016.09.29"]
[Round "7.27"]
[White "Nanayakkara, J A K Saranath"]
[Black "Akulov, Lev"]
[Result "1-0"]
[WhiteElo "1923"]
[BlackElo "1810"]
[WhiteFideId "9924906"]
[BlackFideId "242853"]
[EventDate "2016.09.22"]

1. d4 Nf6 2. Nf3 g6 3. Bg5 Bg7 4. e3 d5 5. Bd3 O-O 6. Nbd2 Nbd7 7. O-O c5 8. c3
b6 9. Qe2 Bb7 10. Rad1 Ne4 11. Bxe4 dxe4 12. Ne1 Qe8 13. Qb5 Qc8 14. Qb3 Re8 15.
d5 e6 16. Nxe4 Bxd5 17. Qc2 Bxe4 18. Qxe4 Nf6 19. Qf3 Nd5 20. e4 Ne7 21. Nc2 Nc6
22. Ne3 h6 23. Bf6 h5 24. g4 Ne5 25. Bxe5 Bxe5 26. gxh5 Qc7 27. hxg6 Bxh2+ 28.
Kg2 fxg6 29. Ng4 Be5 30. Rh1 Re7 31. Nf6+ Bxf6 32. Qxf6 Rg7 33. Qxe6+ Qf7 34.
Qh3 Rh7 35. Qxh7+ Qxh7 36. Rxh7 Kxh7 37. Rd7+ Kh6 38. f4 g5 39. Kf3 gxf4 40.
Kxf4 Kg6 41. Ke5 Re8+ 42. Kd5 Ra8 43. e5 Kf5 44. e6 Kf6 45. Kd6 Re8 46. Rf7+ Kg6
47. Rxa7 Kf6 48. Rf7+ Kg6 49. Rf2 Rd8+ 50. Kc7 Re8 51. Kd7 Ra8 52. e7 Ra7+ 53.
Kd6 Ra8 54. Rf8 1-0

[Event "World Youth Open U14 2016"]
[Site "Khanty-Mansiysk RUS"]
[Date "2016.09.29"]
[Round "7.28"]
[White "Araoz Andrade, Ivan Alexander"]
[Black "Mochalin, Faddey"]
[Result "1-0"]
[WhiteElo "1746"]
[BlackElo "1912"]
[WhiteFideId "3825299"]
[BlackFideId "34147290"]
[EventDate "2016.09.22"]

1. d4 d5 2. c4 c6 3. cxd5 cxd5 4. Nc3 Nf6 5. Bf4 a6 6. Nf3 Nc6 7. e3 Qb6 8. Qd2
e6 9. Bd3 Bd7 10. Rc1 Qd8 11. O-O Be7 12. Bb1 O-O 13. Ne1 b5 14. f3 Qb6 15. Nd3
g6 16. Ne2 Rfc8 17. Be5 Nxe5 18. Nxe5 Be8 19. Nf4 Qb7 20. Nfd3 a5 21. Rxc8 Rxc8
22. Qxa5 b4 23. Nc5 Bxc5 24. dxc5 Ra8 25. Qb6 Qxb6 26. cxb6 Rb8 27. Rc1 Rxb6 28.
Rc7 Kf8 29. Kf2 Ng8 30. e4 Ne7 31. Ke3 f6 32. Ng4 e5 33. Nf2 d4+ 34. Kd2 Kf7 35.
Nd3 Ke6 36. Ra7 Kd6 37. Bc2 Bc6 38. Bb3 h5 39. h4 Rb8 40. Bf7 Rb6 41. g3 Rb8 42.
Bb3 Be8 43. Ra6+ Nc6 44. Bd5 Bd7 45. Kc2 g5 46. Kb3 gxh4 47. gxh4 Kc7 48. Nc5
Be8 49. Rxc6+ Bxc6 50. Na6+ Kd6 51. Nxb8 Bxd5+ 52. exd5 Kxd5 53. Nd7 Ke6 54.
Nc5+ Kd5 55. Kxb4 f5 56. a4 e4 57. fxe4+ fxe4 58. a5 d3 59. Nxd3 exd3 60. Kc3
Ke4 61. Kd2 1-0

[Event "World Youth Open U14 2016"]
[Site "Khanty-Mansiysk RUS"]
[Date "2016.09.29"]
[Round "7.29"]
[White "Osaka, Takuma"]
[Black "Varbanov, Vladimir"]
[Result "1-0"]
[WhiteElo "1888"]
[BlackElo "1794"]
[WhiteFideId "7002084"]
[BlackFideId "2917505"]
[EventDate "2016.09.22"]

1. d4 e6 2. c4 f5 3. g3 Nf6 4. Bg2 d5 5. Nf3 c6 6. O-O Bd6 7. b3 Qe7 8. Bb2 b6
9. Qc1 O-O 10. Ba3 Bb7 11. Bxd6 Qxd6 12. Nbd2 Nbd7 13. Qb2 Ne4 14. b4 Ba6 15.
Rfc1 Rfc8 16. a4 Bb7 17. a5 Rab8 18. axb6 axb6 19. Ra7 Rc7 20. c5 bxc5 21. dxc5
Qe7 22. Nxe4 fxe4 23. Nd4 Nf6 24. Bh3 Ra8 25. Rca1 Rxa7 26. Rxa7 h6 27. Nxe6 Rd7
28. Qe5 Qe8 29. Qa1 Bc8 30. Ra8 Rb7 31. Nxg7 Kxg7 32. Bxc8 Rxb4 33. Bf5 Rb1+ 34.
Qxb1 Qxa8 35. Qb6 Qa1+ 36. Kg2 Qe5 37. Qb7+ Kf8 38. Bh3 Qe8 39. Qc8 Qxc8 40.
Bxc8 Ke7 41. Bf5 Ne8 42. f3 exf3+ 43. Kxf3 Nc7 44. Ke3 Nb5 45. g4 Nc3 46. h4 Nb5
47. g5 hxg5 48. hxg5 Nc7 49. Kd4 Nb5+ 50. Ke5 Nc3 51. Bd3 Na4 52. Kd4 Nb2 53.
Bc2 Ke6 54. Bb3 Kf5 55. Kc3 Nc4 56. Bxc4 dxc4 57. Kxc4 Kxg5 58. Kb4 Kf4 59. Ka5 1-0

[Event "World Youth Open U14 2016"]
[Site "Khanty-Mansiysk RUS"]
[Date "2016.09.29"]
[Round "7.30"]
[White "Skalsky, Alexandr"]
[Black "Hsu, Hsuan-Ming"]
[Result "1-0"]
[WhiteElo "2085"]
[BlackElo "1727"]
[WhiteFideId "381799"]
[BlackFideId "16300823"]
[EventDate "2016.09.22"]

1. e4 e5 2. Nf3 Nc6 3. Bc4 Nf6 4. Ng5 d5 5. exd5 b5 6. Bf1 h6 7. Nxf7 Kxf7 8.
dxc6 Bc5 9. Be2 Rf8 10. O-O Ne4 11. d4 Bxd4 12. c3 Bxf2+ 13. Rxf2+ Nxf2 14. Qxd8
Nh3+ 15. gxh3 Rxd8 16. Na3 a6 17. Kg2 Rd6 18. Be3 Rxc6 19. Bf3 Rg6+ 20. Kh1 Rb8
21. Rf1 Ke6 22. Ba7 Rb7 23. Be4 Rg5 24. Be3 Rh5 25. Bg6 Rh4 26. Bf5+ 1-0

[Event "World Youth Open U14 2016"]
[Site "Khanty-Mansiysk RUS"]
[Date "2016.09.29"]
[Round "7.31"]
[White "Thybo, Thomas Sondergaard"]
[Black "Ajigulov, Nurmat"]
[Result "0-1"]
[WhiteElo "1971"]
[BlackElo "1626"]
[WhiteFideId "1441299"]
[BlackFideId "13801970"]
[EventDate "2016.09.22"]

1. e4 e5 2. Nf3 Nc6 3. Bc4 Nf6 4. d3 h6 5. c3 Bc5 6. Nbd2 O-O 7. O-O d5 8. exd5
Nxd5 9. Re1 Re8 10. d4 Bb6 11. Nxe5 Nxe5 12. Rxe5 Rxe5 13. dxe5 Be6 14. Qf3 c6
15. Nf1 Qh4 16. Bb3 Bc7 17. Qe2 Nf4 18. Bxf4 Qxf4 19. Bxe6 fxe6 20. g3 Qf5 21.
Rd1 Bb6 22. Kg2 Rf8 23. f4 g5 24. Nd2 gxf4 25. Rf1 Be3 26. Nf3 Qg6 27. Rd1 Qg4
28. Rd3 h5 29. Kh1 Kh8 30. gxf4 Bxf4 31. Qg2 Qf5 32. Nh4 Qxd3 33. Ng6+ Kh7 34.
Nxf8+ Kh6 35. h4 Qb1+ 36. Qg1 Qe4+ 37. Qg2 Qe1+ 38. Qg1 Qxh4+ 39. Kg2 Qg3+ 40.
Kf1 Qd3+ 41. Kg2 Qe4+ 42. Kf1 Be3 43. Qg3 Qd3+ 44. Kg2 Qe2+ 0-1

[Event "World Youth Open U14 2016"]
[Site "Khanty-Mansiysk RUS"]
[Date "2016.09.29"]
[Round "7.32"]
[White "Kakuk, Tibor"]
[Black "Piccoli, Lucas Fonseca"]
[Result "0-1"]
[WhiteElo "1622"]
[BlackElo "1816"]
[WhiteFideId "14536749"]
[BlackFideId "2190788"]
[EventDate "2016.09.22"]

1. e4 c6 2. Nc3 d5 3. Nf3 Bg4 4. h3 Bxf3 5. Qxf3 e6 6. d3 Nd7 7. a3 Ngf6 8. g3
g6 9. Bg2 Bg7 10. O-O O-O 11. Qe2 dxe4 12. dxe4 e5 13. Be3 Qc7 14. Rad1 Rfe8 15.
Rd2 b6 16. Rfd1 Nf8 17. Qc4 Ne6 18. h4 b5 19. Qe2 a5 20. f3 Nd4 21. Qf2 b4 22.
Na4 c5 23. c3 Nb3 24. Rc2 bxa3 25. bxa3 Bf8 26. Nb2 c4 27. a4 Qc6 28. Qe2 Rac8
29. Bh3 Rc7 30. Bg5 Nh5 31. Kh2 f6 32. Be3 Ba3 33. Bf1 Bxb2 34. Rxb2 Qxa4 35.
Qc2 Rb8 36. Rdb1 Rcb7 37. Qd1 Rd7 38. Qc2 Rdb7 39. Qd1 Qc6 40. Qc2 a4 41. Qe2
Rc8 42. Qd1 Rb5 43. Ra2 Ra5 44. Bxc4+ Qxc4 45. Rxb3 axb3 46. Rxa5 b2 47. Ra7
b1=Q 48. Qxb1 Qe2+ 49. Kh3 Qxf3 50. Qg1 f5 51. exf5 gxf5 52. Qf2 Qh1+ 53. Qh2
Qe4 54. Qa2+ Kh8 55. Qf2 Rxc3 56. Bh6 Qh1+ 57. Qh2 Rxg3# 0-1

[Event "World Youth Open U14 2016"]
[Site "Khanty-Mansiysk RUS"]
[Date "2016.09.29"]
[Round "7.34"]
[White "Balashov, Egor"]
[Black "Hafstad, Leif"]
[Result "1-0"]
[WhiteElo "1799"]
[BlackElo "1705"]
[WhiteFideId "34125768"]
[BlackFideId "438030"]
[EventDate "2016.09.22"]

1. d4 d5 2. c4 e6 3. Nf3 Nf6 4. g3 Bb4+ 5. Bd2 Be7 6. Bg2 c6 7. O-O O-O 8. Qc2
b6 9. Bf4 Ba6 10. Nbd2 Nbd7 11. b3 Nh5 12. Be3 Rc8 13. Qb2 Qc7 14. Rac1 Qb8 15.
b4 b5 16. c5 f5 17. Ne5 Nxe5 18. dxe5 f4 19. Bd4 fxg3 20. hxg3 Rce8 21. Be3 Bc8
22. Nf3 Bd7 23. Qd2 g6 24. Bh6 Ng7 25. Bh3 Qc8 26. Kg2 Rf7 27. g4 Qc7 28. Rh1
Ra8 29. Qc2 a5 30. Bd2 axb4 31. Bxb4 Qa7 32. a3 Rf4 33. Nd2 Ne8 34. e3 Rf7 35.
Kg3 Nc7 36. Nb3 Qa4 37. Ra1 Na6 38. Bf1 Bxc5 39. Bd3 Bxb4 40. axb4 Qxb4 41. Nc5
Nc7 42. Rhb1 Rxa1 43. Rxb4 Ne8 44. Rb1 Ra7 45. Rh1 Rg7 46. Nb3 1-0

[Event "World Youth Open U14 2016"]
[Site "Khanty-Mansiysk RUS"]
[Date "2016.09.29"]
[Round "7.35"]
[White "Chursin, Aleksandr"]
[Black "Izumi, Haruki"]
[Result "1-0"]
[WhiteElo "1675"]
[BlackElo "1549"]
[WhiteFideId "34106666"]
[BlackFideId "7001703"]
[EventDate "2016.09.22"]

1. c4 e5 2. Nc3 Nf6 3. g3 Bc5 4. Bg2 Nc6 5. e3 d6 6. Nge2 O-O 7. O-O Bf5 8. d4
Bb6 9. a3 Rb8 10. b4 a6 11. Na4 Qd7 12. Bb2 Bh3 13. Nxb6 cxb6 14. b5 Bxg2 15.
Kxg2 Na5 16. dxe5 dxe5 17. Bxe5 Rbc8 18. Bxf6 Qxd1 19. Rfxd1 gxf6 20. Rd7 Rb8
21. Rc1 Rfc8 22. bxa6 bxa6 23. Ra7 Ra8 24. Rxa8 Rxa8 25. c5 Rc8 26. cxb6 Rb8 27.
Rc5 Nb3 28. Rc6 Kg7 29. Nf4 Na5 30. Nh5+ Kh6 31. Rxf6+ Kxh5 32. Rf5+ Kg6 33.
Rxa5 Rxb6 34. f4 f5 35. Kf3 h5 36. h3 Rc6 37. g4 fxg4+ 38. hxg4 h4 39. Rh5 Rc3
40. a4 Ra3 41. Rxh4 Rxa4 42. f5+ Kg7 43. e4 Ra3+ 44. Kf4 a5 45. g5 Ra1 46. Ke5
a4 47. g6 a3 48. Rh7+ Kg8 49. f6 Rf1 50. Ra7 1-0

[Event "World Youth Open U14 2016"]
[Site "Khanty-Mansiysk RUS"]
[Date "2016.09.29"]
[Round "7.36"]
[White "Ogorodnikov, Nikolai"]
[Black "Horn, Aldo"]
[Result "1-0"]
[WhiteElo "1774"]
[BlackElo "1307"]
[WhiteFideId "34164984"]
[BlackFideId "15200744"]
[EventDate "2016.09.22"]

1. c4 e5 2. Nc3 Nf6 3. e4 Bc5 4. g3 d6 5. d3 Be6 6. h3 Nc6 7. Bg2 Qd7 8. Nd5 Qd8
9. Bg5 Bxd5 10. exd5 Nd4 11. Ne2 h6 12. Be3 Bb4+ 13. Nc3 Bxc3+ 14. bxc3 Nb5 15.
Qb3 c6 16. O-O Qd7 17. a4 Nxc3 18. Qxc3 cxd5 19. cxd5 O-O 20. f4 Rac8 21. Qb2
Rfe8 22. fxe5 Rxe5 23. Bxh6 Rc5 24. d4 1-0

[Event "World Youth Open U14 2016"]
[Site "Khanty-Mansiysk RUS"]
[Date "2016.09.30"]
[Round "8.1"]
[White "Lomasov, Semen"]
[Black "Teclaf, Pawel"]
[Result "1/2-1/2"]
[WhiteTitle "FM"]
[BlackTitle "CM"]
[WhiteElo "2393"]
[BlackElo "2342"]
[WhiteFideId "24164879"]
[BlackFideId "1185934"]
[EventDate "2016.09.22"]

1. e4 c5 2. Nf3 d6 3. d4 cxd4 4. Nxd4 Nf6 5. Nc3 a6 6. Be3 e6 7. g4 h6 8. Bg2 e5
9. Nf5 g6 10. Qe2 gxf5 11. exf5 Rg8 12. h3 Nc6 13. O-O-O Bd7 14. f4 Qe7 15. Bb6
exf4 16. Qf3 Rc8 17. Rhe1 Ne5 18. Qxb7 h5 19. Bc7 Rxc7 20. Qxc7 Qd8 21. Rxe5+
dxe5 22. Qxe5+ Be7 23. Nd5 Kf8 24. Nxe7 Qxe7 25. Qxf4 hxg4 26. Qh6+ Ke8 27. hxg4
Rxg4 28. Bf3 Rg8 29. Qf4 Kf8 30. Qh6+ Ke8 31. Qf4 Kf8 1/2-1/2

[Event "World Youth Open U14 2016"]
[Site "Khanty-Mansiysk RUS"]
[Date "2016.09.30"]
[Round "8.2"]
[White "Shubin, Kirill"]
[Black "Esipenko, Andrey"]
[Result "0-1"]
[WhiteTitle "FM"]
[BlackTitle "FM"]
[WhiteElo "2304"]
[BlackElo "2490"]
[WhiteFideId "34119962"]
[BlackFideId "24175439"]
[EventDate "2016.09.22"]

1. d4 Nf6 2. c4 e6 3. Nc3 Bb4 4. Nf3 b6 5. a3 Bxc3+ 6. bxc3 Bb7 7. g3 Nc6 8. Bg5
Na5 9. Qa4 c5 10. Bg2 Bc6 11. Qc2 Nxc4 12. dxc5 bxc5 13. O-O h6 14. Bc1 O-O 15.
Nd2 Bxg2 16. Kxg2 Nxd2 17. Bxd2 d5 18. Rab1 Qd6 19. c4 d4 20. Rb5 Qc6+ 21. f3 e5
22. e4 Ne8 23. g4 Nd6 24. Rb3 Qa6 25. Rc1 Rab8 26. a4 Rb7 27. Rxb7 Qxb7 28. a5
Rb8 0-1

[Event "World Youth Open U14 2016"]
[Site "Khanty-Mansiysk RUS"]
[Date "2016.09.30"]
[Round "8.3"]
[White "Zhao, Chenxi"]
[Black "Shevchenko, Kirill"]
[Result "1/2-1/2"]
[BlackTitle "FM"]
[WhiteElo "2124"]
[BlackElo "2438"]
[WhiteFideId "8611513"]
[BlackFideId "14129574"]
[EventDate "2016.09.22"]

1. e4 c5 2. Nf3 d6 3. d4 cxd4 4. Qxd4 a6 5. c4 Nc6 6. Qe3 g6 7. Be2 Bg7 8. O-O
Nf6 9. h3 O-O 10. Nc3 Nd7 11. b3 Nc5 12. Bb2 f5 13. exf5 Bxf5 14. Rad1 a5 15.
Rd2 Rf6 16. Ng5 h6 17. Nce4 Nxe4 18. Nxe4 Re6 19. Bxg7 Kxg7 20. Qc3+ Kh7 21. Ng3
Qh8 22. Qxh8+ Rxh8 23. Bf3 Rc8 24. Nxf5 gxf5 25. Rd5 Re5 26. Rxe5 dxe5 27. Bxc6
Rxc6 28. Re1 Re6 29. f4 e4 30. Rd1 a4 31. Rd7 axb3 32. axb3 Rb6 33. Rxe7+ Kg6
34. g4 Rxb3 35. Re6+ Kg7 36. Kg2 Rf3 37. gxf5 Rxf4 38. Kg3 Rxf5 39. Rxe4 b5 40.
cxb5 Rxb5 41. Re6 Rb3+ 42. Kg4 Rb4+ 43. Kg3 Rb3+ 44. Kg4 1/2-1/2

[Event "World Youth Open U14 2016"]
[Site "Khanty-Mansiysk RUS"]
[Date "2016.09.30"]
[Round "8.4"]
[White "Yakubboev, Nodirbek"]
[Black "Peng, David T"]
[Result "1-0"]
[BlackTitle "FM"]
[WhiteElo "2431"]
[BlackElo "2273"]
[WhiteFideId "14203987"]
[BlackFideId "2059355"]
[EventDate "2016.09.22"]

1. e4 c5 2. Nc3 Nc6 3. g3 g6 4. Bg2 Bg7 5. d3 d6 6. Be3 b5 7. e5 Bb7 8. exd6
exd6 9. Nxb5 Rb8 10. c4 Ne5 11. Bxb7 Rxb7 12. Rb1 Rxb5 13. cxb5 Qa8 14. f3 Nf6
15. Bf4 O-O 16. Bxe5 dxe5 17. Nh3 Nd5 18. Qe2 Qb8 19. O-O Qxb5 20. Nf2 Nc7 21.
Qe4 a5 22. Nd1 Rd8 23. Nc3 Qb6 24. Kg2 Rd4 25. Qe3 Ne6 26. b3 h5 27. Na4 Qd8 28.
Nb2 f5 29. Qe1 f4 30. Kh1 fxg3 31. Qxg3 Nf4 32. Rbe1 Bf6 33. Re4 Kh7 34. Qg1 Nd5
35. Nc4 Nc3 36. Nxe5 Qe8 37. Rxd4 cxd4 38. f4 Bxe5 39. fxe5 Qxe5 40. Qg2 Kg7 41.
Qf3 Qe7 42. a4 h4 43. Qa8 Qc5 44. Qb7+ Kh6 45. Qf3 Qb6 46. Qf8+ Kh5 47. Qh8+ Kg4
48. Rg1+ Kf5 49. Qf8+ Ke5 50. Rg5+ 1-0

[Event "World Youth Open U14 2016"]
[Site "Khanty-Mansiysk RUS"]
[Date "2016.09.30"]
[Round "8.5"]
[White "Zarubitski, Viachaslau"]
[Black "Blohberger, Felix"]
[Result "1-0"]
[WhiteTitle "FM"]
[BlackTitle "FM"]
[WhiteElo "2340"]
[BlackElo "2256"]
[WhiteFideId "13509373"]
[BlackFideId "1632051"]
[EventDate "2016.09.22"]

1. e4 e5 2. Nf3 Nc6 3. Bb5 a6 4. Ba4 Nf6 5. O-O Be7 6. Re1 b5 7. Bb3 d6 8. c3
O-O 9. h3 Bb7 10. d4 Nd7 11. Nbd2 exd4 12. cxd4 Bf6 13. Nf1 Na5 14. Bc2 Re8 15.
Rb1 c5 16. d5 Nc4 17. N3h2 Bd4 18. b3 Nce5 19. Ne3 Bc3 20. Bd2 Bxd2 21. Qxd2 Nf6
22. Nf5 Bc8 23. Ng3 Ng6 24. Rbd1 h5 25. Nf3 h4 26. Nf5 Bxf5 27. exf5 Rxe1+ 28.
Qxe1 Nf4 29. Nxh4 N4xd5 30. Nf3 b4 31. g4 Nc3 32. Rd3 Nfe4 33. Nd2 Nxd2 34. Qxd2
d5 35. Rf3 f6 36. h4 Qe8 37. Re3 Qf7 38. g5 fxg5 39. hxg5 Ne4 40. Rxe4 dxe4 41.
Bxe4 1-0